MARC

LEADER 00000nam0a2200000 4500
001 357061
005 20231102010944.0
035 |a (RuTPU)RU\TPU\retro\14321 
090 |a 357061 
100 |a 20200728d1977 k y0rusy50 ca 
101 0 |a rus 
102 |a RU 
105 |a a z 001zy 
200 1 |a Кайнозойские осадочные и вулканогенно-осадочные формации Сахалина  |f О. А. Мельников, М. А. Захарова  |g Академия наук СССР, Сахалинский комплексный научно-исследовательский институт 
210 |a Москва  |c Наука  |d 1977 
215 |a 244 с.  |c ил.  |e 2 вкл. 
320 |a Библиогр.: с. 237-241 
606 1 |a Геологические формации, вулканогенно-осадочные  |2 stltpush  |3 (RuTPU)RU\TPU\subj\6083  |9 34043 
606 1 |a Кайнозойские отложения  |2 stltpush  |3 (RuTPU)RU\TPU\subj\13479  |9 40082 
610 1 |a Сахалин 
610 1 |a кайнозойские образования 
610 1 |a геологическая изученность 
610 1 |a формационное расчленение 
610 1 |a мегаформации 
610 1 |a палеогеография 
610 1 |a палеотектоника 
610 1 |a формационно-тектоническое районирование 
675 |a 551.263.03  |v 4 
675 |a 551.77  |v 4 
700 1 |a Мельников  |b О. А.  |g Олег Александрович 
701 1 |a Захарова  |b М. А.  |g Мария Андреевна 
712 0 2 |a Академия наук СССР  |b Сахалинский комплексный научно-исследовательский институт  |c (Южно-Сахалинск)  |c (1955-1984)  |2 stltpush  |3 (RuTPU)RU\TPU\col\15708  |9 26239 
801 1 |a RU  |b 63413507  |c 20200728 
801 2 |a RU  |b 63413507  |c 20210209  |g RCR 
942 |c BK